La educación basica y media en la Costa Caribe / (Registro nro. 49434)

Detalles MARC
000 -LEADER
fixed length control field 00709nam a2200193 4500
001 - CONTROL NUMBER
control field 0000057241
005 - DATE AND TIME OF LATEST TRANSACTION
control field 20250821142654.0
008 - FIXED-LENGTH DATA ELEMENTS--GENERAL INFORMATION
fixed length control field 180906s1998 000 0 eng d
040 ## - CATALOGING SOURCE
Original cataloging agency CO-CtgCURN
Language of cataloging spa
Transcribing agency coctgcurn
082 0# - DEWEY DECIMAL CLASSIFICATION NUMBER
Classification number 370.986
Item number B142e
100 1# - MAIN ENTRY--PERSONAL NAME
Personal name Baez Ramírez, Javier Eduardo.
245 13 - TITLE STATEMENT
Title La educación basica y media en la Costa Caribe /
Statement of responsibility, etc. Javier Eduardo Baez Ramire: Gustavo Duncan Cruz.
260 ## - PUBLICATION, DISTRIBUTION, ETC.
Place of publication, distribution, etc. Cartagena de Indias: Bolívar :
Name of publisher, distributor, etc. Universidad Jorge Tadeo Lozano,
Date of publication, distribution, etc. 1998.
300 ## - PHYSICAL DESCRIPTION
Extent 111 p. ;
Dimensions 24 cm.
650 #0 - SUBJECT ADDED ENTRY--TOPICAL TERM
Topical term or geographic name entry element Educación
Geographic subdivision Colombia.
908 ## - PUT COMMAND PARAMETER (RLIN)
Put command parameter 180904
942 ## - ADDED ENTRY ELEMENTS (KOHA)
Source of classification or shelving scheme
Koha item type Cartagena
Classification part 370.986
Item part B142e
999 ## - SYSTEM CONTROL NUMBERS (KOHA)
-- 1
Existencias
Withdrawn status Lost status Source of classification or shelving scheme Damaged status Not for loan Collection Home library Current library Shelving location Date acquired Inventory number Total checkouts Full call number Barcode Date last seen Copy number Price effective from Koha item type
          General Miguel Henríquez Castañeda Miguel Henríquez Castañeda General 05/23/2018 022488   370.986 B142e 022488 10/26/2018 ej.1 10/26/2018